Lettres de mon moulin (Registro nro. 5386)

Detalles MARC
000 -ENCABEZADO
Número de control [NR] 00584nam a2200181Ia 4500
008 - DE LONGITUD FIJA DE DATOS DE ELEMENTOS - INFORMACIÓN GENERAL
Elementos de longitud fija [NR] 130821s1961 fr gr fre
040 ## - FUENTE DE CATALOGACION [NR]
Agencia de catalogación original [NR] Co-BoUCM
Idioma de catalogación [NR] spa
041 ## - CODIGO DE IDIOMA [R]
Código de idioma para texto/pista de sonido o título separado [R] Francés
100 ## - ASIENTO PRINCIPAL--NOMBRE PERSONAL [NR]
Nombre personal [NR] Daudet, Alphonse
Fechas asociadas con el nombre [NR] 1840-1897
ID Autoridad 42464
245 ## - MENCION DE TITULO [NR]
Título [NR] Lettres de mon moulin
Mención de responsabilidad, etc. [NR] Alphonse Daudet
260 ## - PUBLICACION, DISTRIBUCION, ETC. (PIE DE IMPRENTA) [R]
Lugar de publicación, distribución, etc. [R] París (Francia)
Nombre del editor, distribuidor, etc. [R] Brodord et Taupin
Fecha de publicación, distribución, etc. [R] 1961
300 ## - DESCRIPCION FISICA [R]
Extensión [R] 250 páginas
490 ## - MENCION DE SERIE [R]
Mención de serie [R] Le Livre de Poche, 348
500 ## - NOTA GENERAL [R]
Nota general [NR] Biblioteca tiene edic. en español, de 1931
650 04 - ASIENTO SECUNDARIO DE MATERIA - TERMINO TEMATICO [R]
Término temático o nombre geográfico como elemento de entrada [NR] Literatura francesa
9 (RLIN) 7794
942 ## - ELEMENTOS DE ENTRADA AGREGADOS (KOHA)
Tipo de ítem principal el descrito en 300a Libro
Tema principal Literatura
Edición 1
Parte restante de la signatura top. D181
Sistema de clasificación DEWEY
Clasificación 840
Existencias
Signatura topográfica Código de barras Última vez visto Ejemplar Price effective from Tipo de ítem Perdido Sistema de clasificación Dañado No prestable Tipo de ítem específico Suprimido Ubicación habitual Ubicación actual Localización Fecha de creación Forma de adquisición Costo
840 D181 100011107 09/12/2025 Ej.1 03/02/2013 Libro   DEWEY     Libro   Claustro Claustro 2do piso 28/02/2003 Compra 500.00